Detalles MARC
| 000 -LEADER |
| fixed length control field |
02447nam a2200505Ii 4500 |
| 001 - CONTROL NUMBER |
| control field |
DIGAKAL0291 |
| 003 - CONTROL NUMBER IDENTIFIER |
| control field |
NyNyDIG |
| 008 - FIXED-LENGTH DATA ELEMENTS--GENERAL INFORMATION |
| fixed length control field |
160422t20152007sp o 000 0 spa d |
| 006 - FIXED-LENGTH DATA ELEMENTS--ADDITIONAL MATERIAL CHARACTERISTICS |
| fixed length control field |
m o d |
| 007 - PHYSICAL DESCRIPTION FIXED FIELD--GENERAL INFORMATION |
| fixed length control field |
cr ||||||||||| |
| 035 ## - SYSTEM CONTROL NUMBER |
| System control number |
(OCoLC)935258183 |
| 040 ## - CATALOGING SOURCE |
| Original cataloging agency |
DGITA |
| Language of cataloging |
eng |
| Description conventions |
rda |
| -- |
pn |
| Transcribing agency |
DGITA |
| 020 ## - INTERNATIONAL STANDARD BOOK NUMBER |
| International Standard Book Number |
9788446042549 |
| Qualifying information |
(eBook ; |
| -- |
ePub) |
| 020 ## - INTERNATIONAL STANDARD BOOK NUMBER |
| International Standard Book Number |
8446042541 |
| Qualifying information |
(eBook ; |
| -- |
ePub) |
| 020 ## - INTERNATIONAL STANDARD BOOK NUMBER |
| Canceled/invalid ISBN |
9788446041290 |
| 020 ## - INTERNATIONAL STANDARD BOOK NUMBER |
| Canceled/invalid ISBN |
8446041294 |
| 041 1# - LANGUAGE CODE |
| Language code of text/sound track or separate title |
eng |
| Language code of original |
ger |
| 050 14 - LIBRARY OF CONGRESS CALL NUMBER |
| Classification number |
HX276.B7 ebook |
| 082 04 - DEWEY DECIMAL CLASSIFICATION NUMBER |
| Classification number |
335.43 |
| Edition number |
23 |
| 100 1# - MAIN ENTRY--PERSONAL NAME |
| Personal name |
Luxemburg, Rosa, |
| Dates associated with a name |
1871-1919, |
| Relator term |
author. |
| 240 10 - UNIFORM TITLE |
| Uniform title |
Sozialreform oder Revolution? |
| Language of a work |
Spanish |
| 245 10 - TITLE STATEMENT |
| Title |
Reforma o revolución / |
| Statement of responsibility, etc. |
Rosa Luxemburgo. |
| 264 #1 - PRODUCTION, PUBLICATION, DISTRIBUTION, MANUFACTURE, AND COPYRIGHT NOTICE |
| Place of production, publication, distribution, manufacture |
Tres Cantos, Madrid, España : |
| Name of producer, publisher, distributor, manufacturer |
Ediciones Akal, S.A., |
| Date of production, publication, distribution, manufacture, or copyright notice |
[2015] |
| 264 #4 - PRODUCTION, PUBLICATION, DISTRIBUTION, MANUFACTURE, AND COPYRIGHT NOTICE |
| Date of production, publication, distribution, manufacture, or copyright notice |
©2007 |
| 300 ## - PHYSICAL DESCRIPTION |
| Extent |
1 online resource. |
| 336 ## - CONTENT TYPE |
| Content type term |
text |
| Content type code |
txt |
| Source |
rdacontent |
| 337 ## - MEDIA TYPE |
| Media type term |
computer |
| Media type code |
c |
| Source |
rdamedia |
| 338 ## - CARRIER TYPE |
| Carrier type term |
online resource |
| Carrier type code |
cr |
| Source |
rdacarrier |
| 490 1# - SERIES STATEMENT |
| Series statement |
Akal/Básica de bolsillo ; |
| Volume/sequential designation |
304. |
| Series statement |
Clásicos del pensamiento político |
| 505 0# - FORMATTED CONTENTS NOTE |
| Formatted contents note |
El método oportunista -- Adaptación del capitalismo -- Implantación del socialismo por mediode las reformas sociales -- Militarismo y política aduanera -- Carácter general y consecuenciasprácticas del revisionismo -- El desarrollo económico y el socialismo -- Sindicatos, cooperativas y democracia política -- La conquista del poder político -- El derrumbamiento -- El oportunismo en la teoría y en la práctica -- Militarismo y milicia -- La "ciencia alemana" a retaguardia de los obreros. |
| 588 0# - SOURCE OF DESCRIPTION NOTE |
| Source of description note |
Online resource; title from ePub title page (Digitalia, viewed April 29, 2016) |
| 600 10 - SUBJECT ADDED ENTRY--PERSONAL NAME |
| Personal name |
Bernstein, Eduard, |
| Dates associated with a name |
1850-1932. |
| Title of a work |
Probleme des Sozialismus. |
| 650 #0 - SUBJECT ADDED ENTRY--TOPICAL TERM |
| Topical term or geographic name entry element |
Socialism. |
| 650 #0 - SUBJECT ADDED ENTRY--TOPICAL TERM |
| Topical term or geographic name entry element |
Militarism. |
| 655 #0 - INDEX TERM--GENRE/FORM |
| Genre/form data or focus term |
Electronic books. |
| 700 1# - ADDED ENTRY--PERSONAL NAME |
| Relationship information |
Translation of: |
| Personal name |
Luxemburg, Rosa, |
| Dates associated with a name |
1871-1919. |
| Title of a work |
Sozialreform oder Revolution? |
| 791 2# - |
| -- |
Digitalia (Firm), |
| -- |
distributor. |
| 793 0# - |
| -- |
Digitalia eBook Collection: |
| -- |
Akal |
| 776 08 - ADDITIONAL PHYSICAL FORM ENTRY |
| Relationship information |
Print version: |
| Main entry heading |
Luxemburgo, Rosa, 1871-1919. |
| Uniform title |
Sozialreform oder Revolution? Spanish. |
| Title |
Reforma o revolución |
| Place, publisher, and date of publication |
Madrid : Ediciones Akal, 2015 |
| International Standard Book Number |
9788446041290 |
| 830 #0 - SERIES ADDED ENTRY--UNIFORM TITLE |
| Uniform title |
Básica de bolsillo Akal ; |
| Volume/sequential designation |
304. |
| 830 #0 - SERIES ADDED ENTRY--UNIFORM TITLE |
| Uniform title |
Básica de bolsillo Akal. |
| Name of part/section of a work |
Serie Clásicos del pensamiento político. |
| 856 40 - ELECTRONIC LOCATION AND ACCESS |
| Materials specified |
Digitalia Hispánica |
| Uniform Resource Identifier |
<a href="https://www.digitaliapublishing.com/a/39774/">https://www.digitaliapublishing.com/a/39774/</a> |
| 910 ## - USER-OPTION DATA (OCLC) |
| User-option data |
Premium Collection: 2016 |
| 942 ## - ADDED ENTRY ELEMENTS (KOHA) |
| Koha item type |
Recurso Electrónico |